000 00826nam a2200265Ia 4500
003 OSt
005 20220925200818.0
006 a|||||r|||| 00| 0
007 ta
008 220923b |||||||| |||| 00| 0 eng d
020 _a8170750156
037 _cGeneral Book
040 _aRTL
_cRTL
_beng
041 _2eng
_aeng
082 _aY15:6.44Q7.N8, N0
100 _aRahat Naveed-I
_9258681
245 0 _aMale outmigration and matri-weighted household
_b A case study of a punjabi village in Pakistan
260 _aDelhi
_bHindustan Pub.
_c1990
300 _axiii,123p
_ccm.
490 _aWomen in Development, 1
500 _aBibliography:p 112-117; Glossary:p 118-121
650 _aWomen Sociology
942 _hY15:6.44Q7.N8, N0
_cGB
_2CC
999 _c537987
_d537987